Seis temas peruanos : (Record no. 925)

000 -CABECERA
fixed length control field 01086nam a22002897a 4500
003 - IDENTIFICADOR DEL NÚMERO DE CONTROL
control field AR-CdUCM
008 - DATOS DE LONGITUD FIJA--INFORMACIÓN GENERAL
fixed length control field 190225b ||||| |||| 00| 0 esp d
040 ## - FUENTE DE LA CATALOGACIÓN
Agencia/entidad que catalogó originalmente la obra MUNICIPALIDAD PROVINCIAL DEL CUSCO
Entidad que transcribió la catalogación BIBLIOTECA MUNICIPAL DEL CUSCO
082 ## - NÚMERO DE LA CLASIFICACIÓN DECIMAL DEWEY
No. de Clasificación 985.004 /
Notacion interna M42
110 ## - ENTRADA PRINCIPAL--NOMBRE DE ENTIDAD CORPORATIVA
Nombre de la institución, jurisdicción como entrada principal Perú.
9 (RLIN) 3560
245 ## - MENCIÓN DE TÍTULO
Título Seis temas peruanos :
Resto del título conferencias pronunciadas en la Embajada del Perú en España /
Mención de responsabilidad introducción de Manuel Cisneros.
260 ## - PUBLICACIÓN, DISTRIBUCIÓN, ETC.
Lugar de publicación, distribución, etc. Madrid :
Nombre de la editorial, distribuidor, etc. Espasa-Calpe,
Fecha de publicación, distribución, etc. Espasa-Calpe,
300 ## - DESCRIPCIÓN FÍSICA
Nº de Páginas Extensión 147 paginas ;
Dimensiones 18 cm.
505 ## - NOTA DE CONTENIDO CON FORMATO
Nota de contenido formateada Evocación del Cuzco y Macchu Pichu -- El Cuzco, la ciudad dos veces imperial -- Vida y andanzas de don Pablo de Olavide...
650 ## - PUNTO DE ACCESO ADICIONAL DE MATERIA--TÉRMINO DE MATERIA
Descriptor La conquista.
9 (RLIN) 3561
650 ## - PUNTO DE ACCESO ADICIONAL DE MATERIA--TÉRMINO DE MATERIA
Descriptor Evocacion.
9 (RLIN) 3562
650 ## - PUNTO DE ACCESO ADICIONAL DE MATERIA--TÉRMINO DE MATERIA
Descriptor Imperial.
9 (RLIN) 775
700 ## - PUNTO DE ACCESO ADICIONAL--NOMBRE DE PERSONA
Nombre Personal Cisneros Sánchez, Manuel
9 (RLIN) 3079
700 ## - PUNTO DE ACCESO ADICIONAL--NOMBRE DE PERSONA
Nombre Personal Macho, Victorio
9 (RLIN) 3563
700 ## - PUNTO DE ACCESO ADICIONAL--NOMBRE DE PERSONA
Nombre Personal Menéndez Pidal, Ramón
9 (RLIN) 3564
700 ## - PUNTO DE ACCESO ADICIONAL--NOMBRE DE PERSONA
Nombre Personal De Lozoy,a Marques
9 (RLIN) 3565
700 ## - PUNTO DE ACCESO ADICIONAL--NOMBRE DE PERSONA
Nombre Personal Montes, Eugenio
9 (RLIN) 3566
700 ## - PUNTO DE ACCESO ADICIONAL--NOMBRE DE PERSONA
Nombre Personal Marañon, Gregorio
9 (RLIN) 3567
700 ## - PUNTO DE ACCESO ADICIONAL--NOMBRE DE PERSONA
Nombre Personal Montes, Eugenio
9 (RLIN) 3566
942 ## - ELEMENTOS DE PUNTO DE ACCESO ADICIONAL (KOHA)
Fuente de clasificación
Tipo de item Libros-BMC
945 ## - PROCESAMIENTO DE INFORMACIÓN LOCAL (OCLC)
Catalogador acrt
AAAA-MM-DD - Fecha de ingreso o modificacion 2019
Holdings
Estado de retiro (separado) Fuente de clasificación o esquema de estanterías Estado dañado Ubicación Sala donde se ubica Nombre de la colección Fecha de adquisición o compra Costo, precio normal en soles Signatura topográfica Código de Barras Última vez visto (Koha) Tipo de ítem (Koha)
No     Sala Humanidades Sala Humanidades Book Cart 2019-02-25 15.00 985.004 / M42 SH0000000897 2019-02-25 Libros-BMC

Powered by Koha